000 00689nam a2200229 i 4500
001 bgj
100 1 _aSINCLAIR, Barbara
245 1 0 _aActivate your English :
_bpre-intermediate coursebook /
_cBarbara Sinclair.
250 _a[Repr.].
260 _aCambridge [etc.] :
_bCambridge Univ. Press,
_c1996.
300 _a88 pp :
_bill. colour ;
_c30 cm.
500 _a1st publ. 1995.
505 _aIncl. answer key and tapescripts.
650 9 _aEnglish language
655 _aTextbooks for foreigners (pre-intermediate)
020 _a0521425689 (pbk)
040 _cBPK
041 0 _aeng
920 _a0-521-42568-9 (pbk)
942 _cKS
008 s uk f |000 0 eng
999 _c48163
_d48163
856 _uhttp://koha.tu.koszalin.pl/cgi-bin/koha/opac-detail.pl?biblionumber=48163
_yKatalog online BPK